| 000 | 00462pab a2200169 454500 | ||
|---|---|---|---|
| 008 | 180718b2008 xxu||||| |||| 00| 0 eng d | ||
| 100 | _aDatta, Pranati et al. | ||
| 245 | _aDemographic effects of forced illegal migration from Bangladesh to West Bengal: a qualitative study | ||
| 260 | _c2008 | ||
| 300 | _ap.144-56. | ||
| 362 | _aOct-Dec | ||
| 650 | _aMigration - Bangladesh | ||
| 650 | _aMigration | ||
| 773 | _aDialogue | ||
| 908 | _aN | ||
| 909 | _a80980 | ||
| 999 |
_c80980 _d80980 |
||